000 00424nam a22001697a 4500
003 OSt
005 20180116192419.0
008 131111t xxu||||| |||| 00| 0 eng d
040 _c0
082 _a720.92
_bKHA 1998
100 1 _akhwaja, Zahir-ud deen
_97100
245 1 0 _aMemoirs of an architect
_cZahir ud Deen khawaja
260 _aLahore :
_c260.
300 _a362 p.
650 _aArchitecture
_97101
942 _2ddc
_cBK
999 _c353830
_d353830